90 secs Elements: by Alphabetical Order - Statistics

General Stats
  • This quiz has been taken 313 times
  • The average score is 91 of 114
Answer Stats
ELEMENT % Correct
Hassium
95%
Indium
95%
Americium
93%
Antimony
93%
Argon
93%
Gold
93%
Hafnium
93%
Helium
93%
Astatine
92%
Cerium
92%
Hydrogen
92%
Iodine
92%
Arsenic
91%
Barium
91%
Cadmium
91%
Calcium
91%
Carbon
91%
Holmium
91%
Iridium
91%
Aluminium
90%
Boron
90%
Cesium
90%
Bismuth
89%
Californium
89%
Chlorine
89%
Gadolinium
89%
Gallium
89%
Germanium
89%
Lanthanum
89%
Lawrencium
89%
Livermorium
89%
Beryllium
88%
Bohrium
88%
Lithium
88%
Xenon
88%
Ytterbium
88%
Lutetium
86%
Platinum
86%
Bromine
85%
Lead
85%
Neptunium
85%
Palladium
85%
Krypton
84%
Nitrogen
84%
Nobelium
84%
Osmium
84%
Phosphorus
84%
Cobalt
83%
Copernicium
83%
Nickel
83%
Oxygen
83%
Darmstadtium
82%
Niobium
82%
Sodium
82%
Tungsten
82%
Uranium
82%
Berkelium
81%
Chromium
81%
Iron
81%
Seaborgium
81%
Selenium
81%
Silver
81%
Tin
81%
Titanium
81%
Dubnium
80%
Dysprosium
80%
Strontium
80%
Neon
79%
Plutonium
79%
Silicon
79%
Yttrium
79%
Copper
78%
Manganese
78%
Neodymium
78%
Sulfur
78%
Thulium
78%
Vanadium
78%
Curium
77%
Einsteinium
77%
Erbium
77%
Fermium
77%
Magnesium
77%
Meitnerium
77%
Polonium
77%
Zinc
77%
Mercury
76%
Europium
75%
Mendelevium
75%
Molybdenum
75%
Actinium
74%
Promethium
74%
Tantalum
74%
Thorium
74%
Potassium
73%
Protactinium
73%
Zirconium
72%
Flerovium
71%
Fluorine
71%
Francium
71%
Praseodymium
71%
Thallium
70%
Technetium
67%
Tellurium
66%
Samarium
57%
Radium
56%
Radon
56%
Scandium
56%
Rhenium
55%
Rhodium
54%
Terbium
54%
Roentgenium
52%
Rutherfordium
51%
Ruthenium
47%
Rubidium
46%
No matching quizzes found
Score Distribution
Percent of People with Each Score
Percentile by Number Answered
Your Score History
You have not taken this quiz